000 00386nam a22001457a 4500
020 _a0852911858
082 _a336.291
100 _aKelley peter
245 _aChartac taxation guide
260 _aLondon
_bthei institute of charactered accountants in england and wales
_c1977
300 _a102p
_b21cm
500 _aindex
650 _ainterest on unpaid or overpaid tax
942 _cBK
999 _c18029
_d18029